000 00371nam a2200145 i 4500
001 bg
100 1 _aSIENKO, Michell J.
245 1 0 _aChemia :
_bpodstawy i własności /
_cMichell J. Sienko, Robert A. Plane.
260 _aWarszawa,
_c1980.
700 1 _aPLANE, Robert A.
040 _cBPK
041 _apol
942 _cKS
008 s pl f |000 0 pol
999 _c19159
_d19159
856 _uhttp://koha.tu.koszalin.pl/cgi-bin/koha/opac-detail.pl?biblionumber=19159
_yKatalog online BPK